Bayonetta-Tous les Démons - Statistiques

Statistiques générales
  • Ce quiz a été pris 9 fois
  • Le résultat moyen est 10 sur 33
Statistiques - réponses
Statut
Jeu(x)
Nom du Démon % Correct
Pacté Tous Madama Butterfly
100%
Invoqué Bayonetta 2Bayonetta 3 Baal
80%
Invoqué Bayonetta 2Bayonetta 3 Labolas
80%
Invoqué Tous Malphas
80%
Invoqué Bayonetta Queen Sheba
80%
Ennemi Bayonetta 2Bayonetta 3 Alraune
60%
Pacté Tous Madama Styx
60%
Invoqué BayonettaBayonetta 2 Hekatoncheir
40%
Ennemi Bayonetta 3 Kraken
40%
Pacté Bayonetta 2 Madama Khepri
40%
Ennemi Bayonetta 2 Pain
40%
Ennemi Bayonetta 2 Pride
40%
Invoqué Bayonetta Bayonetta 2 Scolopendra
40%
Autre allié Bayonetta 2 Carnage
20%
Pacté Bayonetta 3 Chouchou
20%
Invoqué Bayonetta 2 Diomedes
20%
Ennemi Bayonetta 2 Fury
20%
Invoqué Tous Gomorrha
20%
Ennemi Bayonetta 2 Greed
20%
Ennemi Bayonetta 2 Hatred
20%
Ennemi Bayonetta 2Bayoneta 3 Hideous
20%
Invoqué Bayonetta 2 Hydra
20%
Invoqué Tous Phantasmaraneae
20%
Invoqué Bayonetta 3 Rodin Démoniaque
20%
Ennemi Bayonetta 2 Sloth
20%
Invoqué Bayonetta 3 Tour de l'horloge
20%
Ennemi Bayonetta 2 Insidious
0%
Ennemi Bayonetta Origins:Cereza and the Lost Demon Lex Talionis
0%
Autre allié Tous Little Devils
0%
Ennemi Bayonetta 2 Malicious
0%
Invoqué Bayonetta 2Bayonetta 3 Mictlantecuhtli
0%
Ennemi Bayonetta 2 Resentment
0%
Invoqué Bayonetta 3 Train de guerre Gouon
0%
Aucun quiz correspondant
Distribution des résultats
% des personnes avec chaque résultat
Percentile par nombre de réponses
Votre historique - résultats
Vous n’avez pas pris ce quiz